Resultado tributario y capital propio AT-2014: contribuyentes con contabilidad completa y balance general

Enregistré dans:
Détails bibliographiques
Auteur principal: Catalán Pavez, Hugo (Auteur)
Format: Livre
Langue:espagnol
Publié: Santiago Legal Publishing 2014
Édition:3a. ed
Sujets:
Tags: Ajouter un tag
Pas de tags, Soyez le premier à ajouter un tag!

MARC

LEADER 00000cam a2200000 a 4500
001 UCE2628
003 CL-VaPUC
008 140717e20140100cl |||||||||||||||||spa|d
020 |a 9789563464597 
082 0 4 |a 657.46  |b CAT  |2 21 
100 0 |a Catalán Pavez, Hugo  |e author  |9 575148 
245 1 0 |a Resultado tributario y capital propio AT-2014: contribuyentes con contabilidad completa y balance general 
250 |a 3a. ed 
300 |a 285 p 
942 |c BK 
945 |d 20140717 11:12:00  |a dcastane 
260 |a Santiago  |b Legal Publishing  |c 2014 
650 0 |a Derecho tributario  |9 258895 
650 0 |a Impuesto a la renta  |9 258171 
650 0 |a Contabilidad tributaria  |9 528756 
583 |a last modification  |c 20140717 11:12:00  |k Rodrigo Vera 
999 |c 356209  |d 356207 
952 |0 0  |1 0  |3 erb  |4 0  |6 657_460000000000000_CAT_2014  |7 0  |8 A  |9 463399  |a BIBGIM  |b BIBGIM  |i 5090210  |o 657.46 CAT 2014  |p 5090210  |r 2025-01-15  |w 2019-11-23  |y BK  |z Catalogado en:20140717  |k COM 
952 |0 0  |1 0  |3 erb  |4 0  |6 657_460000000000000_CAT_2014  |7 0  |8 A  |9 463400  |a BIBGIM  |b BIBGIM  |i 5090229  |l 2  |m 1  |o 657.46 CAT 2014  |p 5090229  |r 2025-01-15  |s 2024-10-15  |w 2019-11-23  |y BK  |z Catalogado en:20140717  |k COM 
952 |0 0  |1 0  |3 erb  |4 0  |6 657_460000000000000_CAT_2014  |7 0  |8 A  |9 463401  |a BIBGIM  |b BIBGIM  |i 5090237  |o 657.46 CAT 2014  |p 5090237  |r 2025-01-15  |w 2019-11-23  |y BK  |z Catalogado en:20140717  |k COM